[Event "RF-2018-0-00450"]
[Site "LSS email"]
[Date "2018.10.26"]
[Round "?"]
[White "Best, Herb"]
[Black "Torfs, Gert"]
[Result "1-0"]
[WhiteElo "1265"]
[BlackElo "792"]
[PlyCount "49"]
[EventDate "2018.09.21"]
[EventType "tourn (corr)"]
[EventRounds "6"]
[EventCountry "GER"]
[SourceTitle "Corr 2022"]
[Source "ChessBase"]
[SourceDate "2021.10.24"]
[SourceVersion "1"]
[SourceVersionDate "2021.10.24"]
[SourceQuality "1"]

1. e4 d5 2. exd5 Qxd5 3. Nc3 Qa5 4. d4 c6 5. Bc4 Nf6 6. Bd2 Qb6 7. Nf3 Bg4 8. Bxf7+ Kxf7 9. Ne5+ Kg8 10. Nxg4 Qxd4 11. Ne3 g6 12. Qe2 Nbd7 13. 0-0-0 Bg7 14. Be1 Qb6 15. Nc4 Qd8 16. Qe6+ Kf8 17. Ne5 Bh6+ 18. Kb1 Qe8 19. Nxd7+ Nxd7 20. Qxd7 Qxd7 21. Rxd7 b6 22. Bd2 Bxd2 23. Rxd2 Kg7 24. Re1 Rhe8 25. Re6 1-0

[Event "RF-2018-0-00449"]
[Site "LSS email"]
[Date "2018.10.21"]
[Round "?"]
[White "Torfs, Gert"]
[Black "Shim Ng Min, Francis"]
[Result "0-1"]
[WhiteElo "792"]
[BlackElo "1245"]
[PlyCount "76"]
[EventDate "2018.09.04"]
[EventType "tourn (corr)"]
[EventRounds "6"]
[EventCountry "GER"]
[SourceTitle "Corr 2022"]
[Source "ChessBase"]
[SourceDate "2021.10.24"]
[SourceVersion "1"]
[SourceVersionDate "2021.10.24"]
[SourceQuality "1"]

1. e4 c5 2. Nc3 Nc6 3. Bb5 e6 4. Bxc6 dxc6 5. f4 Nf6 6. Nf3 Be7 7. 0-0 0-0 8. Qe1 b5 9. b3 Bb7 10. Bb2 a5 11. Rd1 b4 12. Na4 Ba6 13. d3 Qc7 14. Qf2 Qxf4 15. Nxc5 Ng4 16. Qd4 e5 17. Qd7 Bxc5+ 18. Kh1 Nf2+ 19. Rxf2 Bxf2 20. Bxe5 Qh6 21. Rf1 Bb6 22. Qg4 Rae8 23. Bf4 Qg6 24. Qxg6 fxg6 25. Bd6 Rf7 26. Re1 Bc7 27. Bc5 Rd7 28. Nd4 Bb7 29. Nf3 Rdd8 30. Nd4 Re5 31. Nxc6 Bxc6 32. Bf2 Ree8 33. Bc5 Rb8 34. Ba7 Rb7 35. Bc5 Bb6 36. Bd6 Bd4 37. e5 Rd7 38. h3 Rxd6 0-1

[Event "WC-2014-P-00011"]
[Site "LSS email"]
[Date "2014.02.03"]
[Round "?"]
[White "Torfs, Gert"]
[Black "Engelhard, Christof"]
[Result "0-1"]
[WhiteElo "821"]
[BlackElo "2229"]
[PlyCount "34"]
[EventDate "2014.02.10"]
[EventType "tourn (corr)"]
[EventRounds "12"]
[EventCountry "GER"]
[SourceTitle "Corr 2022"]
[Source "ChessBase"]
[SourceDate "2021.10.24"]
[SourceVersion "1"]
[SourceVersionDate "2021.10.24"]
[SourceQuality "1"]

1. e4 e5 2. Nf3 Nc6 3. d4 exd4 4. Bc4 Bc5 5. c3 Nf6 6. cxd4 Bb4+ 7. Bd2 Bxd2+ 8. Nbxd2 d5 9. exd5 Nxd5 10. Bxd5 Qxd5 11. Nb3 Bg4 12. 0-0 0-0-0 13. Rc1 Bxf3 14. Qxf3 Qxf3 15. gxf3 Nxd4 16. Nxd4 Rxd4 17. Rc3 Re8 0-1

[Event "RN-2014-0-00757"]
[Site "LSS email"]
[Date "2014.01.25"]
[Round "?"]
[White "Cherry, Brian"]
[Black "Torfs, Gert"]
[Result "1-0"]
[WhiteElo "662"]
[BlackElo "862"]
[PlyCount "91"]
[EventDate "2014.01.14"]
[EventType "tourn (corr)"]
[EventRounds "6"]
[EventCountry "GER"]
[SourceTitle "Corr 2022"]
[Source "ChessBase"]
[SourceDate "2021.10.24"]
[SourceVersion "1"]
[SourceVersionDate "2021.10.24"]
[SourceQuality "1"]

1. e4 d5 2. exd5 Qxd5 3. Nc3 Qa5 4. d3 c6 5. Bd2 Nf6 6. Nf3 Bg4 7. Be2 Nbd7 8. h3 Bh5 9. Ne4 Qc7 10. Bb4 0-0-0 11. Nc3 e6 12. Bxf8 Rhxf8 13. 0-0 Nd5 14. Qd2 N7b6 15. Ne4 Bg6 16. g3 Bxe4 17. dxe4 Nf6 18. Qe3 Nh5 19. Kg2 Rd6 20. e5 Rd5 21. g4 f5 22. gxh5 Qf7 23. Ng5 Qg8 24. f4 h6 25. Nf3 Qf7 26. Nd4 Rfd8 27. Rfd1 g6 28. Qf3 Rxd4 29. Rd3 Rxd3 30. Bxd3 Rg8 31. hxg6 Rxg6+ 32. Kf2 Nd5 33. a3 Kd7 34. c4 Ne7 35. Rd1 Kc7 36. Be2 Qg7 37. b4 Nc8 38. c5 Ne7 39. Qd3 Rg2+ 40. Ke1 Qg3+ 41. Qxg3 Rxg3 42. Rd3 Rxd3 43. Bxd3 Nd5 44. Bc4 Nxf4 45. Kd2 Kd7 46. Ke3 1-0

[Event "RN-2014-0-00757"]
[Site "LSS email"]
[Date "2014.01.25"]
[Round "?"]
[White "Torfs, Gert"]
[Black "Hinestroza, Douglas"]
[Result "1-0"]
[WhiteElo "862"]
[BlackElo "774"]
[PlyCount "41"]
[EventDate "2014.01.14"]
[EventType "tourn (corr)"]
[EventRounds "6"]
[EventCountry "GER"]
[SourceTitle "Corr 2022"]
[Source "ChessBase"]
[SourceDate "2021.10.24"]
[SourceVersion "1"]
[SourceVersionDate "2021.10.24"]
[SourceQuality "1"]

1. e4 e6 2. d4 d5 3. e5 c5 4. c3 Qb6 5. a4 cxd4 6. a5 Qc7 7. cxd4 Nc6 8. Qa4 Bd7 9. Qc2 Rc8 10. Nf3 Nge7 11. Nc3 Nf5 12. Be3 Nxe3 13. fxe3 Nxa5 14. Bd3 a6 15. 0-0 Be7 16. Bxh7 g6 17. Bxg6 fxg6 18. Qxg6+ Kd8 19. Ng5 Bxg5 20. Qxg5+ Ke8 21. Qg7 1-0

[Event "RN-2014-0-00757"]
[Site "LSS email"]
[Date "2014.01.25"]
[Round "?"]
[White "Torfs, Gert"]
[Black "Linart, Ludvik"]
[Result "0-1"]
[WhiteElo "862"]
[BlackElo "1054"]
[PlyCount "60"]
[EventDate "2014.01.14"]
[EventType "tourn (corr)"]
[EventRounds "6"]
[EventCountry "GER"]
[SourceTitle "Corr 2022"]
[Source "ChessBase"]
[SourceDate "2021.10.24"]
[SourceVersion "1"]
[SourceVersionDate "2021.10.24"]
[SourceQuality "1"]

1. e4 e5 2. Nf3 Nc6 3. d4 exd4 4. Bc4 Be7 5. c3 Nf6 6. e5 Ng4 7. h3 Ngxe5 8. Nxe5 Nxe5 9. Bb3 c5 10. cxd4 c4 11. dxe5 cxb3 12. Qxb3 Qa5+ 13. Nc3 Qxe5+ 14. Ne2 0-0 15. Bf4 Qe4 16. Qg3 Qb4+ 17. Qc3 b6 18. 0-0 Ba6 19. Qxb4 Bxb4 20. Rfe1 Bxe1 21. Rxe1 Rfe8 22. Be3 Rac8 23. Nc3 Rc5 24. Rc1 Rce5 25. Bd2 d5 26. Kh2 d4 27. Nb1 Re2 28. Rc7 R2e7 29. Rxe7 Rxe7 30. Bb4 Re2 0-1

[Event "RN-2014-0-00751"]
[Site "LSS email"]
[Date "2014.01.10"]
[Round "?"]
[White "Bester, Kazimierz"]
[Black "Torfs, Gert"]
[Result "0-1"]
[WhiteElo "726"]
[BlackElo "688"]
[PlyCount "152"]
[EventDate "2014.01.01"]
[EventType "tourn (corr)"]
[EventRounds "6"]
[EventCountry "GER"]
[SourceTitle "Telechess CBM 167"]
[Source "ChessBase"]
[SourceDate "2015.07.13"]
[SourceVersion "1"]
[SourceVersionDate "2015.07.13"]
[SourceQuality "1"]

1. d4 d5 2. e3 c6 3. Nf3 e6 4. Be2 Bd6 5. 0-0 f5 6. Ne5 Nd7 7. f4 Nxe5 8. fxe5 Bc7 9. Rf3 Ne7 10. Bd2 Ng6 11. Be1 b6 12. Rh3 a5 13. Bh5 Qg5 14. Bh4 Qh6 15. Rg3 Bd8 16. Bxd8 Kxd8 17. c3 f4 18. exf4 Nxf4 19. Bf3 Ba6 20. Na3 Nd3 21. Qc2 Qe3+ 22. Kh1 Nf2+ 23. Kg1 Ne4+ 24. Kh1 Nxg3+ 25. hxg3 Bd3 26. Qd1 Rf8 27. Nb1 Rf5 28. g4 Qh6+ 29. Kg1 Qe3+ 30. Kh2 Rg5 31. Nd2 Kc7 32. Nf1 Bxf1 33. Qxf1 Rg6 34. Re1 Qh6+ 35. Kg1 Rf8 36. Qe2 Qh4 37. Rf1 Rh6 38. Qe3 Qh2+ 39. Kf2 Rh3 40. Ke1 Qg3+ 41. Ke2 Rh2 42. Rf2 Rh1 43. Qg5 Rf7 44. Qe3 Rb1 45. Qd2 Qf4 46. Qc2 Qc1 47. Qxc1 Rxc1 48. Kd2 Rg1 49. a3 b5 50. Ke3 Re1+ 51. Kd2 Ra1 52. Kc2 Kb6 53. Rd2 c5 54. dxc5+ Kxc5 55. Rd4 g6 56. b4+ axb4 57. axb4+ Kb6 58. Kb2 Rf1 59. Rd3 h5 60. gxh5 gxh5 61. Kc2 h4 62. Bh5 R7f2+ 63. Kb3 Rb1+ 64. Ka3 Rff1 65. Rd2 Rf8 66. Ka2 Rff1 67. Be2 Ra1+ 68. Kb2 Rfb1+ 69. Kc2 Ra2+ 70. Kxb1 Rxd2 71. Bf3 Rf2 72. Kc1 Rxf3 73. gxf3 h3 74. f4 h2 75. Kd2 h1Q 76. Kd3 Qe4+ 0-1

[Event "RN-2014-0-00751"]
[Site "LSS email"]
[Date "2014.01.10"]
[Round "?"]
[White "Torfs, Gert"]
[Black "Raines, David T"]
[Result "0-1"]
[WhiteElo "688"]
[BlackElo "895"]
[PlyCount "86"]
[EventDate "2014.01.01"]
[EventType "tourn (corr)"]
[EventRounds "6"]
[EventCountry "GER"]
[SourceTitle "Telechess CBM 167"]
[Source "ChessBase"]
[SourceDate "2015.07.13"]
[SourceVersion "1"]
[SourceVersionDate "2015.07.13"]
[SourceQuality "1"]

1. e4 c6 2. Nc3 d5 3. exd5 cxd5 4. d4 e6 5. Nf3 Nf6 6. Bg5 Be7 7. Bb5+ Bd7 8. Bxd7+ Nbxd7 9. 0-0 0-0 10. Ne2 Ne4 11. Bxe7 Qxe7 12. Re1 Ndf6 13. c3 Qd6 14. Ne5 Qa6 15. Qb3 Rac8 16. Rac1 Nd2 17. Qc2 Nc4 18. Nxc4 Rxc4 19. a3 Rfc8 20. b3 R4c7 21. Qb2 Qd3 22. Rcd1 Qf5 23. Ng3 Qg6 24. Rc1 h5 25. Re3 h4 26. Ne2 Ne4 27. Nf4 Qh6 28. Ne2 f5 29. Rc2 g5 30. f3 g4 31. Rd3 gxf3 32. Rxf3 Rg7 33. Nf4 Rg4 34. Ne2 Rc7 35. h3 Rgg7 36. Nf4 Rg3 37. Rxg3+ Nxg3 38. Nd3 Qe3+ 39. Kh2 Qxd3 40. a4 Qf1 41. Rc1 Qf4 42. Kg1 Ne2+ 43. Qxe2 Qxc1+ 0-1

[Event "OP-2014-0-03224"]
[Site "LSS email"]
[Date "2014.01.06"]
[Round "?"]
[White "Torfs, Gert"]
[Black "Heiser, Jerome"]
[Result "1-0"]
[WhiteElo "735"]
[BlackElo "657"]
[PlyCount "89"]
[EventDate "2014.01.03"]
[EventType "tourn (corr)"]
[EventRounds "4"]
[EventCountry "GER"]
[SourceTitle "Telechess CBM 167"]
[Source "ChessBase"]
[SourceDate "2015.07.13"]
[SourceVersion "1"]
[SourceVersionDate "2015.07.13"]
[SourceQuality "1"]

1. e4 e5 2. Nf3 Nc6 3. d4 exd4 4. Bc4 Bb4+ 5. c3 dxc3 6. bxc3 Bc5 7. Qd5 Bxf2+ 8. Kxf2 Qf6 9. Bg5 Qe6 10. Qxe6+ dxe6 11. Nbd2 h6 12. Be3 e5 13. Nb3 Nf6 14. Nbd2 Ng4+ 15. Ke2 Nxe3 16. Kxe3 f5 17. exf5 Bxf5 18. Ne4 0-0-0 19. Bb5 Rhe8 20. Bxc6 bxc6 21. Rhd1 Rxd1 22. Rxd1 g5 23. Nf6 Rd8 24. Rxd8+ Kxd8 25. Nxe5 c5 26. Ne4 Ke7 27. Nxc5 Kd6 28. Ncd3 c5 29. Nf7+ Kd5 30. Nxh6 Bg6 31. Ng8 Kc4 32. Ne5+ Kxc3 33. Nxg6 c4 34. Ne5 Kb2 35. Nxc4+ Kxa2 36. g3 Kb3 37. Nd6 a5 38. Nb5 a4 39. Kd3 Kb4 40. Nc3 a3 41. h4 gxh4 42. gxh4 Kb3 43. h5 a2 44. Nxa2 Kxa2 45. h6 1-0

[Event "RN-2013-0-00745"]
[Site "LSS email"]
[Date "2013.12.29"]
[Round "?"]
[White "Popov, Misha"]
[Black "Torfs, Gert"]
[Result "1-0"]
[WhiteElo "961"]
[BlackElo "735"]
[PlyCount "67"]
[EventDate "2013.12.18"]
[EventType "tourn (corr)"]
[EventRounds "6"]
[EventCountry "GER"]
[SourceTitle "Telechess CBM 167"]
[Source "ChessBase"]
[SourceDate "2015.07.13"]
[SourceVersion "1"]
[SourceVersionDate "2015.07.13"]
[SourceQuality "1"]

1. Nf3 c5 2. d4 cxd4 3. Nxd4 e5 4. Nf3 Nc6 5. e4 Nf6 6. Nc3 Bb4 7. Bd3 0-0 8. 0-0 Bxc3 9. bxc3 d5 10. Bg5 dxe4 11. Bxf6 Qxf6 12. Bxe4 Re8 13. Qe1 Bf5 14. Rb1 Bxe4 15. Qxe4 b6 16. h3 Rad8 17. Rfe1 Qd6 18. Rbd1 Qxd1 19. Rxd1 Rxd1+ 20. Kh2 Rd6 21. Ng5 Rg6 22. f4 h6 23. Nf3 Rge6 24. f5 Rd6 25. a3 f6 26. h4 Rc8 27. g4 Rcd8 28. g5 hxg5 29. hxg5 fxg5 30. Qc4+ Kf8 31. Nxg5 R8d7 32. Nh7+ Ke8 33. Qg8+ Ke7 34. Qf8# 1-0

[Event "RN-2013-0-00745"]
[Site "LSS email"]
[Date "2013.12.29"]
[Round "?"]
[White "Torfs, Gert"]
[Black "Kramskoi, Vasyl"]
[Result "0-1"]
[WhiteElo "735"]
[BlackElo "1049"]
[PlyCount "70"]
[EventDate "2013.12.18"]
[EventType "tourn (corr)"]
[EventRounds "6"]
[EventCountry "GER"]
[SourceTitle "Telechess CBM 167"]
[Source "ChessBase"]
[SourceDate "2015.07.13"]
[SourceVersion "1"]
[SourceVersionDate "2015.07.13"]
[SourceQuality "1"]

1. e4 c5 2. c3 Nf6 3. e5 Nd5 4. d4 cxd4 5. cxd4 d6 6. Nf3 Nc6 7. Bd2 e6 8. Bc4 Nc7 9. Nc3 a6 10. 0-0 b5 11. Bd3 Nb4 12. Be2 Bb7 13. a3 Nbd5 14. Qb3 Be7 15. Ne1 0-0 16. Rc1 Bg5 17. Bxg5 Qxg5 18. Nf3 Qe7 19. Nxd5 Nxd5 20. Rc2 Rac8 21. Rfc1 Nf4 22. g3 Nxe2+ 23. Rxe2 Rxc1+ 24. Kg2 Bxf3+ 25. Qxf3 d5 26. h4 f6 27. Qe3 Rc7 28. f4 fxe5 29. Qxe5 Rf5 30. Qxe6+ Rf7 31. Kf3 Qxe6 32. Rxe6 Rc2 33. Rxa6 Rxb2 34. Rd6 Ra7 35. Rxd5 Rb3+ 0-1

[Event "SN-2013-0-00561"]
[Site "LSS email"]
[Date "2013.12.20"]
[Round "?"]
[White "Torfs, Gert"]
[Black "Ilkow, Zbigniew"]
[Result "0-1"]
[WhiteElo "688"]
[BlackElo "591"]
[PlyCount "100"]
[EventDate "2013.12.11"]
[EventType "tourn (corr)"]
[EventRounds "6"]
[EventCountry "GER"]
[SourceTitle "Telechess CBM 167"]
[Source "ChessBase"]
[SourceDate "2015.07.13"]
[SourceVersion "1"]
[SourceVersionDate "2015.07.13"]
[SourceQuality "1"]

1. e4 c5 2. c3 d6 3. Bb5+ Bd7 4. Qe2 a6 5. Bxd7+ Qxd7 6. Nf3 Nf6 7. 0-0 e5 8. d4 cxd4 9. cxd4 exd4 10. Nxd4 Be7 11. Nc3 0-0 12. Bg5 Nc6 13. Nf5 h6 14. Nxe7+ Qxe7 15. Bh4 g5 16. Bg3 Nd4 17. Qd3 b5 18. Qxd4 Rfe8 19. Qxd6 Qxd6 20. Bxd6 Nxe4 21. Nxe4 Rxe4 22. Rfc1 f5 23. Re1 Rxe1+ 24. Rxe1 Rd8 25. Be5 g4 26. Bf4 h5 27. g3 Rf8 28. Re6 Rc8 29. Rxa6 b4 30. Rb6 Rc4 31. Rb5 Re4 32. Rxf5 Re2 33. Bd6 Rxb2 34. Rxh5 Rb1+ 35. Kg2 b3 36. axb3 Rxb3 37. Rg5+ Kf7 38. Rxg4 Rd3 39. Bf4 Kf6 40. h4 Rd5 41. Rg5 Rd7 42. h5 Rh7 43. Rg6+ Kf7 44. Rh6 Rg7 45. Be5 Rg8 46. Rf6+ Ke7 47. h6 Rh8 48. Re6+ Kxe6 49. Bxh8 Kf7 50. g4 Kg6 0-1

[Event "OP-2013-0-03182"]
[Site "LSS email"]
[Date "2013.12.18"]
[Round "?"]
[White "Lombardi, Donato"]
[Black "Torfs, Gert"]
[Result "1/2-1/2"]
[WhiteElo "855"]
[BlackElo "735"]
[PlyCount "76"]
[EventDate "2013.12.15"]
[EventType "tourn (corr)"]
[EventRounds "4"]
[EventCountry "GER"]
[SourceTitle "Telechess CBM 167"]
[Source "ChessBase"]
[SourceDate "2015.07.13"]
[SourceVersion "1"]
[SourceVersionDate "2015.07.13"]
[SourceQuality "1"]

1. e4 c5 2. Nf3 g6 3. d4 cxd4 4. Nxd4 Bg7 5. Be3 Nc6 6. c3 Nf6 7. Bd3 0-0 8. 0-0 d5 9. exd5 Nxd5 10. Nxc6 bxc6 11. Qd2 Nxe3 12. Qxe3 Qb6 13. Qxb6 axb6 14. Be4 Bb7 15. Nd2 Rfd8 16. Nc4 b5 17. Ne3 f5 18. Bc2 e5 19. Rfe1 e4 20. a3 Rd2 21. Rad1 Rad8 22. Kf1 f4 23. Bb3+ Kf8 24. Rxd2 Rxd2 25. Nc2 c5 26. Re2 Rd1+ 27. Re1 Rxe1+ 28. Nxe1 g5 29. Bc2 Ke7 30. Ke2 Kd6 31. h3 Ba6 32. Bxe4 b4+ 33. Bd3 Bxd3+ 34. Nxd3 bxa3 35. bxa3 Bxc3 36. Kd1 Kd5 37. Kc2 Ba5 38. f3 Kd4 1/2-1/2

[Event "RN-2013-0-00739"]
[Site "LSS email"]
[Date "2013.12.13"]
[Round "?"]
[White "Bester, Kazimierz"]
[Black "Torfs, Gert"]
[Result "0-1"]
[WhiteElo "686"]
[BlackElo "724"]
[PlyCount "78"]
[EventDate "2013.12.07"]
[EventType "tourn (corr)"]
[EventRounds "6"]
[EventCountry "GER"]
[SourceTitle "Telechess CBM 167"]
[Source "ChessBase"]
[SourceDate "2015.07.13"]
[SourceVersion "1"]
[SourceVersionDate "2015.07.13"]
[SourceQuality "1"]

1. f4 f5 2. Nf3 e6 3. e3 Nf6 4. d4 d5 5. Be2 c6 6. Ne5 g6 7. 0-0 Nbd7 8. Nd2 Nxe5 9. dxe5 Ne4 10. Nxe4 fxe4 11. c3 Bc5 12. b4 Bb6 13. a4 Bc7 14. b5 0-0 15. c4 a6 16. Ba3 Rf5 17. Qb3 axb5 18. cxb5 Qh4 19. b6 Bd8 20. Bc5 Be7 21. g3 Qh3 22. Rf2 Bxc5 23. Rg2 Qh6 24. g4 Rf8 25. g5 Qh3 26. Rg3 Qf5 27. Bg4 Qf7 28. a5 Qxf4 29. Kg2 Qxe5 30. Rc1 Bd6 31. Qa2 Kh8 32. Rh1 Qxg5 33. h3 Bxg3 34. Kxg3 Qxe3+ 35. Kh4 Rf4 36. Qg2 e5 37. Rg1 Bxg4 38. hxg4 Rf2 39. Qg3 Qh6# 0-1

[Event "RN-2013-0-00739"]
[Site "LSS email"]
[Date "2013.12.13"]
[Round "?"]
[White "Torfs, Gert"]
[Black "Semenov, Zhenya"]
[Result "1-0"]
[WhiteElo "724"]
[BlackElo "890"]
[PlyCount "69"]
[EventDate "2013.12.07"]
[EventType "tourn (corr)"]
[EventRounds "6"]
[EventCountry "GER"]
[SourceTitle "Telechess CBM 167"]
[Source "ChessBase"]
[SourceDate "2015.07.13"]
[SourceVersion "1"]
[SourceVersionDate "2015.07.13"]
[SourceQuality "1"]

1. e4 e5 2. Nf3 d6 3. d4 exd4 4. Nxd4 Nf6 5. Nc3 Be7 6. Bc4 0-0 7. 0-0 Bd7 8. Be3 Nc6 9. f4 Ng4 10. Nxc6 Bxc6 11. Qxg4 Qd7 12. Qxd7 Bxd7 13. Nd5 Bd8 14. c3 b5 15. Bb3 a5 16. c4 a4 17. Bc2 bxc4 18. Bd4 c5 19. Bc3 Re8 20. Rf3 Bc6 21. Rg3 g6 22. Nf6+ Bxf6 23. Bxf6 Re6 24. e5 dxe5 25. fxe5 Rb8 26. Rb1 Rb7 27. Ra3 Rb4 28. Rc3 Re8 29. a3 Rb6 30. Rxc4 Ra8 31. Rxc5 Bd7 32. Rd5 Be6 33. Rd8+ Rxd8 34. Bxd8 Ra6 35. Rd1 1-0

[Event "RN-2013-0-00738"]
[Site "LSS email"]
[Date "2013.12.11"]
[Round "?"]
[White "Tavenrath, Rainer"]
[Black "Torfs, Gert"]
[Result "0-1"]
[WhiteElo "770"]
[BlackElo "735"]
[PlyCount "42"]
[EventDate "2013.12.02"]
[EventType "tourn (corr)"]
[EventRounds "6"]
[EventCountry "GER"]
[SourceTitle "Telechess CBM 167"]
[Source "ChessBase"]
[SourceDate "2015.07.13"]
[SourceVersion "1"]
[SourceVersionDate "2015.07.13"]
[SourceQuality "1"]

1. a3 e5 2. b3 d5 3. c3 Nf6 4. d3 Nc6 5. e3 Bd6 6. f3 0-0 7. g3 Be6 8. h4 Ne7 9. d4 exd4 10. Qxd4 Bxg3+ 11. Ke2 Nc6 12. Qd3 Re8 13. Nd2 Qe7 14. Bh3 Bxh3 15. Nxh3 Bxh4 16. Bb2 Ne5 17. Qb5 c6 18. Qb4 Qxb4 19. cxb4 Nfd7 20. f4 Ng4 21. Rhg1 Rxe3+ 0-1

[Event "RN-2013-0-00735"]
[Site "LSS email"]
[Date "2013.12.08"]
[Round "?"]
[White "Bieszk, Stanislaw"]
[Black "Torfs, Gert"]
[Result "0-1"]
[WhiteElo "1108"]
[BlackElo "735"]
[PlyCount "52"]
[EventDate "2013.11.25"]
[EventType "tourn (corr)"]
[EventRounds "6"]
[EventCountry "GER"]
[SourceTitle "Telechess CBM 167"]
[Source "ChessBase"]
[SourceDate "2015.07.13"]
[SourceVersion "1"]
[SourceVersionDate "2015.07.13"]
[SourceQuality "1"]

1. e4 d5 2. exd5 Qxd5 3. Nc3 Qa5 4. d4 c6 5. Bd3 Nf6 6. Bd2 Qb6 7. Nge2 Qxb2 8. Rb1 Qa3 9. Rb3 Qd6 10. 0-0 Bg4 11. f3 Bh5 12. Bf5 e6 13. Bf4 Qd8 14. Bd3 b6 15. g4 Bg6 16. h4 Bxd3 17. Qxd3 Be7 18. Ng3 0-0 19. g5 Nd5 20. Nxd5 cxd5 21. Be5 Nd7 22. Nh5 Nxe5 23. dxe5 Bxg5 24. Nf6+ Bxf6 25. exf6 Qxf6 26. Rb4 Qg6+ 0-1

[Event "RN-2013-0-00733"]
[Site "LSS email"]
[Date "2013.12.01"]
[Round "?"]
[White "Torfs, Gert"]
[Black "Raines, David T"]
[Result "0-1"]
[WhiteElo "735"]
[BlackElo "898"]
[PlyCount "50"]
[EventDate "2013.11.20"]
[EventType "tourn (corr)"]
[EventRounds "6"]
[EventCountry "GER"]
[SourceTitle "Telechess CBM 167"]
[Source "ChessBase"]
[SourceDate "2015.07.13"]
[SourceVersion "1"]
[SourceVersionDate "2015.07.13"]
[SourceQuality "1"]

1. e4 c5 2. Nc3 d6 3. f4 g6 4. Nf3 Bg7 5. d4 cxd4 6. Nxd4 Nf6 7. Bc4 a6 8. 0-0 0-0 9. Qe1 Qc7 10. Bb3 Nc6 11. Nxc6 bxc6 12. e5 Ne8 13. exd6 exd6 14. Bd2 d5 15. Na4 Nd6 16. Rb1 Ne4 17. Bb4 Re8 18. Qd1 a5 19. Ba3 Ba6 20. Re1 Qa7+ 21. Bc5 Nxc5 22. Nxc5 Qxc5+ 23. Kh1 Qf2 24. g3 Be2 25. Qd2 Bf3# 0-1

[Event "RN-2013-0-00733"]
[Site "LSS email"]
[Date "2013.11.30"]
[Round "?"]
[White "Torfs, Gert"]
[Black "Newton, Daryl"]
[Result "1-0"]
[WhiteElo "735"]
[BlackElo "503"]
[PlyCount "59"]
[EventDate "2013.11.20"]
[EventType "tourn (corr)"]
[EventRounds "6"]
[EventCountry "GER"]
[SourceTitle "Telechess CBM 167"]
[Source "ChessBase"]
[SourceDate "2015.07.13"]
[SourceVersion "1"]
[SourceVersionDate "2015.07.13"]
[SourceQuality "1"]

1. e4 e5 2. f4 exf4 3. Nf3 Bc5 4. d4 Bb6 5. Bxf4 Nf6 6. Nc3 0-0 7. Bc4 Nh5 8. Bg5 Qe8 9. 0-0 c6 10. Ne5 d5 11. exd5 f6 12. dxc6+ Be6 13. Bxe6+ Qxe6 14. cxb7 Nc6 15. Nxc6 Qxc6 16. bxa8Q Qxa8 17. Qxh5 Bxd4+ 18. Kh1 Qb8 19. Bd2 Qxb2 20. Qd5+ Kh8 21. Qxd4 Qxc2 22. Qd6 Kg8 23. Rae1 Qg6 24. Nd5 f5 25. Ne7+ Kh8 26. Nxg6+ hxg6 27. Qxf8+ Kh7 28. Bc3 Kh6 29. Bxg7+ Kh5 30. Qf6 1-0

[Event "RN-2013-0-00731"]
[Site "LSS email"]
[Date "2013.11.26"]
[Round "?"]
[White "Torfs, Gert"]
[Black "Bester, Kazimierz"]
[Result "1-0"]
[WhiteElo "735"]
[BlackElo "776"]
[PlyCount "59"]
[EventDate "2013.11.16"]
[EventType "tourn (corr)"]
[EventRounds "6"]
[EventCountry "GER"]
[SourceTitle "Telechess CBM 167"]
[Source "ChessBase"]
[SourceDate "2015.07.13"]
[SourceVersion "1"]
[SourceVersionDate "2015.07.13"]
[SourceQuality "1"]

1. e4 d5 2. exd5 Qxd5 3. Nf3 Nf6 4. d4 Nc6 5. c4 Qh5 6. Be2 Bg4 7. h3 Bxf3 8. Bxf3 Qh4 9. Bxc6+ bxc6 10. Qf3 Ne4 11. Nd2 Nxd2 12. Qxc6+ Kd8 13. Qxa8+ Kd7 14. Qd5+ Kc8 15. Bxd2 e6 16. Qa8+ Kd7 17. Qxa7 Bd6 18. Qa4+ Ke7 19. c5 Bf4 20. Bxf4 Qxf4 21. 0-0 Rb8 22. Rab1 Rd8 23. Rfd1 f6 24. Qc4 e5 25. g3 Qe4 26. Rbc1 exd4 27. b4 c6 28. Re1 Qxe1+ 29. Rxe1+ Kf8 30. Rd1 1-0

[Event "RN-2013-0-00731"]
[Site "LSS email"]
[Date "2013.11.26"]
[Round "?"]
[White "Venturas, Bob"]
[Black "Torfs, Gert"]
[Result "0-1"]
[WhiteElo "701"]
[BlackElo "735"]
[PlyCount "116"]
[EventDate "2013.11.16"]
[EventType "tourn (corr)"]
[EventRounds "6"]
[EventCountry "GER"]
[SourceTitle "Telechess CBM 167"]
[Source "ChessBase"]
[SourceDate "2015.07.13"]
[SourceVersion "1"]
[SourceVersionDate "2015.07.13"]
[SourceQuality "1"]

1. e4 c5 2. Nf3 g6 3. c3 Bg7 4. Qb3 Nc6 5. Bc4 e6 6. 0-0 Nge7 7. Re1 0-0 8. d4 cxd4 9. cxd4 d5 10. Bb5 Nxd4 11. Nxd4 Bxd4 12. e5 Bd7 13. Bf1 Qb6 14. Qxb6 Bxb6 15. Bg5 Nc6 16. Bf6 Bd8 17. Bb5 Bxf6 18. Bxc6 bxc6 19. exf6 c5 20. Nc3 Rab8 21. b3 Rb4 22. f3 Rf4 23. a4 Rxf6 24. Red1 Rf4 25. Rdb1 Rb8 26. Kf2 Rfb4 27. Ra3 c4 28. Nb5 Bxb5 29. axb5 R4xb5 30. Rxa7 Rxb3 31. Rc1 Rc8 32. Ke2 Rb2+ 33. Kf1 d4 34. Rd7 e5 35. h4 c3 36. g4 c2 37. Ke1 Rb1 38. Kd2 Rxc1 39. Kxc1 Kf8 40. f4 Ke8 41. Rd5 exf4 42. Rxd4 Rd8 43. Rxf4 Rd1+ 44. Kxc2 Rh1 45. g5 Ke7 46. Re4+ Kd6 47. Kd3 Kd5 48. Re7 Rxh4 49. Rxf7 Rh5 50. Ke3 Ke6 51. Ra7 Kf5 52. Ra5+ Kg4 53. Kf2 Rxg5 54. Rxg5+ Kxg5 55. Kg3 h5 56. Kh3 Kf4 57. Kh4 g5+ 58. Kxh5 g4 0-1

[Event "SN-2013-0-00552"]
[Site "LSS email"]
[Date "2013.11.25"]
[Round "?"]
[White "Bearce, Harold L"]
[Black "Torfs, Gert"]
[Result "0-1"]
[WhiteElo "499"]
[BlackElo "951"]
[PlyCount "44"]
[EventDate "2013.10.30"]
[EventType "tourn (corr)"]
[EventRounds "6"]
[EventCountry "GER"]
[SourceTitle "Corr 2022"]
[Source "ChessBase"]
[SourceDate "2021.10.24"]
[SourceVersion "1"]
[SourceVersionDate "2021.10.24"]
[SourceQuality "1"]

1. e4 c5 2. Nf3 g6 3. d4 cxd4 4. Nxd4 Bg7 5. c3 Nc6 6. Be3 d5 7. Nxc6 bxc6 8. exd5 cxd5 9. Bb5+ Bd7 10. Bxd7+ Qxd7 11. Bd4 Qe6+ 12. Kf1 Bxd4 13. Qxd4 Nf6 14. Nd2 0-0 15. Nf3 Ne4 16. Re1 Qa6+ 17. c4 e6 18. Ra1 Rac8 19. b3 Nd6 20. Nd2 dxc4 21. bxc4 Nxc4 22. Nxc4 Rxc4 0-1